Cesta eurointegrácie Ukrajiny bakalárska práca

Saved in:
Bibliographic Details
Main Author: Sarvash, Stepan
Corporate Author: Fakulta medzinárodných vzťahov EU. Katedra medzinárodných politických vzťahov
Other Authors: Karas, Martin, 1991-
Format: Book
Language:Slovak
Published: Bratislava 2021
Tags: Add Tag
No Tags, Be the first to tag this record!

MARC

LEADER 00000nbm a2200000 4500
001 0278187
005 20220222103408.6
041 0 |a slo 
044 |a SK 
245 1 0 |a Cesta eurointegrácie Ukrajiny  |b bakalárska práca  |c Stepan Sarvash ; školiteľ: Martin Karas 
264 1 |a Bratislava  |c 2021 
300 |a 46 s. 
100 1 |a Sarvash, Stepan 
700 1 |a Karas, Martin, 1991- 
710 2 |a Fakulta medzinárodných vzťahov EU. Katedra medzinárodných politických vzťahov